| 000 | 00464nam a2200193Ia 4500 | ||
|---|---|---|---|
| 001 | 12259 | ||
| 003 | GE_BSU | ||
| 008 | 181216s||||||||xx |||||||||||||| ||und|| | ||
| 040 | _cGE_BSU | ||
| 080 | _a351.85 | ||
| 245 | 2 | _aA companion to Cultural Resourse Management | |
| 245 | _cEdited byThomas F.King | ||
| 260 | _aOxford | ||
| 260 | _c2011 | ||
| 300 | _a579p.25cm. | ||
| 541 | _h369Gel. | ||
| 653 | _aA companion to Cultural Resourse Management | ||
| 942 | _cBK | ||
| 999 |
_c45435 _d45435 |
||